=LDR 00000nam 2200000 4500 =001 INLIS000000000033664 =005 20130612135615 =008 ***********************************ind** =035 ##$$0010-061300000033664 =041 ##$$a ind =082 ##$$a 371.8 =090 ##$$a 371.8, Sau p =100 ##$$a Sauri, Sofyan, H =245 ##$$a Pendidikan Bahasa Santun, H. Sofyan Sauri =260 ##$$a 2005 $b Jakarta =300 ##$$a iv,153 hlm, 21 cm =650 ##$$a Pendidikan Sikap Tngkah Laku =850 ##$$a NBPNMAT